Pokémon - Les attaques de Chinchidou - Statistiques

Statistiques générales
  • Ce quiz a été pris 14 fois
  • Le résultat moyen est 8 sur 14
Statistiques - réponses
Niveaux Types Noms des attaques % Correct
Niveau 16 Fée Charme
100%
Départ Fée Regard Touchant
100%
Niveau 8 Normal Écho
83%
Départ Normal Écras'Face
83%
Niveau 32 Normal Plumo-Queue
83%
Niveau 36 Normal Chatouille
67%
Niveau 44 Normal Mégaphone
50%
Niveau 20 Normal Météores
50%
Niveau 12 Normal Berceuse
33%
Niveau 48 Normal Dernier Recours
33%
Niveau 40 Normal Souplesse
33%
Niveau 28 Normal Après Vous
17%
Niveau 4 Normal Coup d'Main
17%
Niveau 24 Normal Encore
17%
Aucun quiz correspondant
Distribution des résultats
% des personnes avec chaque résultat
Percentile par nombre de réponses
Votre historique - résultats
Vous n’avez pas pris ce quiz